Geography Quiz

Random Geography or City Quiz

US 'Saint' Cities Quiz Stats

 Plays Quiz not verified by Sporcle

Score 0/53 Timer 12:00
0 Plays Today
Population City % Correct
306,621St. Paul
99.1%
308,626St. Louis
98.5%
7,298St. Louis
98.5%
11,906St. Peter
94.4%
263,255St. Petersburg
92.9%
9,804St. Joseph (charter township)
92.4%
57,178St. Peters
92%
76,442St. Joseph
82.5%
8,363St. Joseph
82.5%
7,126St. Joseph
82.5%
17,259St. John (town)
81%
6,365St. John
81%
84,405St. George
80.7%
189,344Port St. Lucie
72.7%
7,887St. Johns
72.4%
70,329St. Charles
71.5%
32,714St. Charles
71.5%
67,984St. Cloud
65.9%
51,282St. Cloud
65.9%
18,019St. Marys
63.2%
12,370St, Marys
63.2%
8,151St. Marys
63.2%
14,243St. Augustine
52.8%
5,335St. Clair
48.1%
5,514St. James (town)
46.5%
17,565St. Michael
46.3%
18,139St. Matthews
45.7%
Population City % Correct
9,442St. Francis
44.2%
7,663St. Francis
44.2%
12,737St. Ann
40.4%
13,631Sault Ste. Marie
39.2%
10,265St. Albans
38.3%
6,795St. Albans
37.7%
6,442St. Albans (town)
37.7%
20,242South St. Paul
36.5%
26,662East St. Louis
35.9%
19,767West St. Paul
33.8%
12,444North St. Paul
33.8%
59,635St. Clair Shores
32.6%
7,209St. Johnsbury (town)
29.3%
49,029St. Louis Park
28.5%
9,077St. Anthony
24.3%
13,701St. Helens
23.4%
5,773St. Robert
20.8%
6,196St. Helena
20.2%
6,998St. Augustine Beach
15.1%
13,043Bay St. Louis
14.5%
9,647St. Pete Beach
12.8%
15,936Lake St. Louis
11.6%
7,304St. Gabriel
11%
5,392St. Paul Park
7.4%
5,049St. Clairsville
6.2%
6,021St. Martinville
4.7%

You're not logged in!

Compare scores with friends on all Sporcle quizzes.
OR
Log In

Sporcle TV

Today on Sporcle TV


Watch our educational content, quiz creation guides, and fun videos on Sporcle TV.

Show Comments

Extras

Top Quizzes Today


Score Distribution

Your Account Isn't Verified!

In order to create a playlist on Sporcle, you need to verify the email address you used during registration. Go to your Sporcle Settings to finish the process.

Report this User

Report this user for behavior that violates our Community Guidelines.

Details: